[Event "1st Marcel Duchamp Cup"]
[Site "Montevideo URU"]
[Date "2017.02.11"]
[Round "3.8"]
[White "Arcos Facio, M."]
[Black "Roselli Mailhe, B."]
[Result "0-1"]
[WhiteElo "2161"]
[BlackElo "2420"]
[PlyCount "84"]
[EventDate "2017.02.09"]
[EventType "swiss"]
[EventRounds "9"]
[EventCountry "URU"]
[SourceDate "2017.02.13"]

1. e4 c5 2. Nf3 e6 3. b4 cxb4 4. a3 d5 5. e5 Nc6 6. axb4 Bxb4 7. c3 Be7 8. d4
Bd7 9. Bd3 Rc8 10. O-O a6 11. h4 Bxh4 12. Nxh4 Qxh4 13. Qb3 Nd8 14. g3 Qh3 15.
Ra2 f5 16. f3 Qh5 17. g4 Qf7 18. gxf5 exf5 19. Ba3 Ne7 20. Qb4 Rc6 21. Rg2 Re6
22. c4 Nec6 23. Qb2 Rg6 24. cxd5 Qxd5 25. Bc5 Rxg2+ 26. Kxg2 Ne6 27. Nc3 Nf4+
28. Kh2 Nxd3 29. Nxd5 Nxb2 30. Nc7+ Kd8 31. Nd5 Na4 32. Bd6 Nxd4 33. Rd1 Ne6
34. Ne7 f4 35. Nf5 Nc3 36. Rg1 g6 37. Nh6 Ke8 38. Ng4 Bc6 39. Nf6+ Kf7 40. Rc1
Nb5 41. Bb4 Rd8 42. Kg2 h5 0-1

[Event "European Blitz 2017"]
[Site "Katowice POL"]
[Date "2017.12.15"]
[Round "20.60"]
[White "Maier, C."]
[Black "Rigopoulos Tsigkos, A."]
[Result "0-1"]
[WhiteElo "2393"]
[BlackElo "2117"]
[PlyCount "106"]
[EventDate "2017.12.15"]
[EventType "swiss (blitz)"]
[EventRounds "22"]
[EventCountry "POL"]

1. e4 c5 2. Nf3 e6 3. b4 b6 4. bxc5 bxc5 5. Nc3 a6 6. Rb1 Qc7 7. Bc4 Bb7 8. O-O
d6 9. Re1 Nd7 10. Bf1 Ngf6 11. d3 Be7 12. h3 h5 13. Bf4 Rc8 14. Qd2 Ne5 15. Ng5
Bc6 16. Bh2 Nfd7 17. Ne2 Qd8 18. f4 Bxg5 19. fxg5 g6 20. c3 c4 21. Nd4 cxd3 22.
Bxd3 Nxd3 23. Qxd3 Nc5 24. Qf3 O-O 25. h4 e5 26. Nxc6 Rxc6 27. Rbd1 Qb6 28. Kh1
Qb2 29. Rd2 Qa3 30. Red1 Ne6 31. Rd3 Rfc8 32. Rf1 R8c7 33. c4 Qc5 34. Rfd1 Nd4
35. Qf6 Qxc4 36. R3d2 Qe6 37. Qd8+ Kg7 38. Bg1 Rc8 39. Qa5 Nb5 40. a4 Nc3 41.
Re1 Qg4 42. Bf2 Nxe4 43. Rxe4 Qxe4 44. Kh2 Qf4+ 45. Bg3 Qg4 46. Rf2 Rc3 47.
Bxe5+ dxe5 48. Qxe5+ Kg8 49. g3 Qe6 50. Qf4 Rc2 51. Kg2 Qd5+ 52. Kh3 Rxf2 53.
Qxf2 Qf5+ 0-1

[Event "Portugal Open 2018"]
[Site "Lisbon POR"]
[Date "2018.02.06"]
[Round "6.22"]
[White "Pires, E."]
[Black "Froewis, G."]
[Result "0-1"]
[WhiteElo "2068"]
[BlackElo "2428"]
[PlyCount "54"]
[EventDate "2018.02.03"]
[EventType "swiss"]
[EventRounds "9"]
[EventCountry "POR"]

1. e4 e6 2. Nf3 c5 3. b4 cxb4 4. d4 Nf6 5. Bd3 Be7 6. a3 bxa3 7. O-O b6 8. e5
Nd5 9. c4 a2 10. Nbd2 Nb4 11. Be4 N8c6 12. d5 f5 13. exf6 Bxf6 14. Ba3 a5 15.
dxc6 d5 16. cxd5 exd5 17. Re1 O-O 18. Qb3 Kh8 19. Bxb4 axb4 20. Bxd5 Ra5 21.
Qxb4 Bxa1 22. c7 Qf6 23. Ne4 Bc3 24. Nxc3 a1=Q 25. Rxa1 Rxa1+ 26. Nb1 Qd6 27.
Qb2 Qxd5 0-1

[Event "TCh-POL Rapid 2018"]
[Site "Zgierz POL"]
[Date "2018.03.03"]
[Round "6.18"]
[White "Bus, Konrad"]
[Black "Kempinski, R."]
[Result "1-0"]
[WhiteElo "2257"]
[BlackElo "2577"]
[PlyCount "61"]
[EventDate "2018.03.03"]
[EventType "team (rapid)"]
[EventRounds "9"]
[EventCountry "POL"]
[WhiteTeam "MKS MOS Wieliczka"]
[BlackTeam "KSz Miedz Legnica"]

1. e4 c5 2. Nf3 e6 3. b4 cxb4 4. d4 d5 5. e5 Nd7 6. Bd3 Be7 7. a3 bxa3 8. Bxa3
Nh6 9. O-O Nb6 10. Qc1 Nc4 11. Bxe7 Qxe7 12. Nc3 Qb4 13. Qg5 O-O 14. Ne2 f6 15.
exf6 Rxf6 16. Nf4 Nf7 17. Qh4 Rh6 18. Qg3 Qd6 19. Rfe1 Bd7 20. Ng5 Nxg5 21.
Qxg5 Rf8 22. Nh5 Rf7 23. Rxa7 Qe7 24. Ra8+ Be8 25. Qg4 Nd6 26. Nf4 Qf6 27. Rxe6
Qxd4 28. Rexe8+ Nxe8 29. Rxe8+ Rf8 30. Rxf8+ Kxf8 31. Ne6+ 1-0

[Event "TV2 Fagernes GM Open 2018"]
[Site "Fagernes NOR"]
[Date "2018.03.27"]
[Round "3.15"]
[White "Sarkar, J."]
[Black "Skotheim, Andreas"]
[Result "1-0"]
[WhiteElo "2322"]
[BlackElo "2072"]
[PlyCount "87"]
[EventDate "2018.03.25"]
[EventType "swiss"]
[EventRounds "9"]
[EventCountry "NOR"]

1. e4 c5 2. Nf3 e6 3. b4 d5 4. e5 cxb4 5. d4 Nc6 6. a3 bxa3 7. c3 Bd7 8. Bd3
Nh6 9. O-O Be7 10. Nxa3 a6 11. Bxh6 gxh6 12. Qb1 Na5 13. Bxh7 Rc8 14. Qc2 b5
15. Nb1 b4 16. Bd3 Bb5 17. Bxb5+ axb5 18. Qd3 Qb6 19. cxb4 Bxb4 20. Na3 Nc4 21.
Nc2 Be7 22. Nd2 Kd7 23. f4 Ra8 24. Nb3 Ra4 25. Kh1 Na5 26. f5 Nxb3 27. Qxb3
Rxa1 28. Rxa1 Rc8 29. f6 Bf8 30. h3 h5 31. Rb1 b4 32. Nxb4 Rb8 33. Na6 Qxb3 34.
Nxb8+ Qxb8 35. Rxb8 Bh6 36. g4 hxg4 37. hxg4 Kc6 38. Kg2 Be3 39. Rf8 Bxd4 40.
Rxf7 Bxe5 41. g5 d4 42. g6 d3 43. Kf3 Bf4 44. g7 1-0

[Event "Guillermo Garcia Master 2"]
[Site "Santa Clara CUB"]
[Date "2018.05.23"]
[Round "2.5"]
[White "Garcia Carey, O."]
[Black "Hernandez Torres, J."]
[Result "0-1"]
[WhiteElo "2353"]
[BlackElo "2306"]
[PlyCount "25"]
[EventDate "2018.05.22"]
[EventType "tourn"]
[EventRounds "9"]
[EventCountry "CUB"]
[EventCategory "2"]

1. e4 c5 2. b4 e6 3. Nf3 Nc6 4. bxc5 Bxc5 5. Bb2 Qb6 6. d4 Qxb2 7. dxc5 Qxa1 8.
Bd3 Ne5 9. Nxe5 Qxe5 10. O-O Qxc5 11. Nd2 a6 12. Qa1 Qg5 13. f4 0-1

[Event "43rd Keres Mem 2018"]
[Site "Vancouver CAN"]
[Date "2018.05.19"]
[Round "2.12"]
[White "Tang, Edward"]
[Black "Yoos, J."]
[Result "0-1"]
[WhiteElo "2022"]
[BlackElo "2316"]
[PlyCount "88"]
[EventDate "2018.05.19"]
[EventType "swiss"]
[EventRounds "6"]
[EventCountry "CAN"]

1. e4 c5 2. Nf3 e6 3. b4 cxb4 4. d4 b6 5. a3 Bb7 6. Bd3 Nf6 7. e5 Nd5 8. O-O
Be7 9. Re1 f6 10. axb4 Nxb4 11. Bb5 O-O 12. Ba3 fxe5 13. Nxe5 Nd5 14. Bf1 Nf4
15. c4 Bxa3 16. Rxa3 Qf6 17. Qd2 d6 18. Ng4 Qf5 19. Rg3 Kh8 20. Nc3 Nc6 21. d5
exd5 22. Ne3 Qf7 23. Nexd5 Nxd5 24. Nxd5 Ne5 25. f4 Ng6 26. f5 Ne5 27. Ne3 Rad8
28. Qd4 Bc8 29. Be2 Bxf5 30. Rf1 Qd7 31. Qf4 Ng6 32. Qg5 Be4 33. Rg4 Rxf1+ 34.
Bxf1 Re8 35. h4 Re5 36. Qxe5 dxe5 37. Rxe4 h5 38. Nd5 Qa4 39. Be2 Qc2 40. Bf3
a5 41. Kh2 a4 42. Re2 Qxc4 43. Nxb6 Qxh4+ 44. Kg1 Qd4+ 0-1

[Event "28th Czech Open E 2018"]
[Site "Pardubice CZE"]
[Date "2018.07.13"]
[Round "2.3"]
[White "Husarik, B."]
[Black "Bernard, B."]
[Result "1/2-1/2"]
[WhiteElo "2096"]
[BlackElo "2313"]
[PlyCount "119"]
[EventDate "2018.07.12"]
[EventType "team"]
[EventRounds "7"]
[EventCountry "CZE"]
[WhiteTeam "JOLY LYSA NAD LABEM (MCR)"]
[BlackTeam "2222 SK POLABINY A (MCR)"]

1. e4 c5 2. Nf3 e6 3. b4 d5 4. e5 Nh6 5. bxc5 d4 6. Bb5+ Nc6 7. c3 Bxc5 8. Qa4
Bd7 9. Qc4 Qb6 10. Ba3 Bxa3 11. Nxa3 O-O 12. Nxd4 Nxd4 13. Bxd7 Rfd8 14. Qa4
Qb2 15. O-O Ne2+ 16. Kh1 Qxd2 17. Rad1 Nxc3 18. Qb4 Qxd1 19. Rxd1 Nxd1 20. Qxb7
Nxf2+ 21. Kg1 Nd3 22. Qc7 Nxe5 23. Qxe5 Rxd7 24. h3 Rd2 25. Nb5 Kh8 26. a4 Nf5
27. Qc7 a6 28. Qb7 Rdd8 29. Nc7 Rab8 30. Qxa6 h6 31. a5 Ne3 32. Qe2 Nd5 33.
Nxd5 Rxd5 34. Qa6 Rb1+ 35. Kh2 Ra1 36. Qb7 Raxa5 37. Qxf7 Re5 38. h4 Kh7 39.
Qf3 Kg8 40. Qd3 Rad5 41. Qc2 Rc5 42. Qd3 Rf5 43. Qd8+ Kh7 44. Qd3 Rcd5 45. Qc2
h5 46. Kh3 Rc5 47. Qd3 Rce5 48. Kh2 Rd5 49. Qc2 Rd7 50. Qc6 Re7 51. Qd6 Rff7
52. Qe5 g6 53. Kh3 Kg8 54. Qb8+ Kg7 55. Qe5+ Rf6 56. Kh2 Kf7 57. Kh3 Rd7 58.
Kh2 Ke7 59. Qc5+ Kf7 60. Qe5 1/2-1/2

[Event "Condigne Dutch Open 2018"]
[Site "Dieren NED"]
[Date "2018.07.24"]
[Round "1.15"]
[White "Pols, Wiggert"]
[Black "Beerdsen, Thomas"]
[Result "0-1"]
[WhiteElo "2177"]
[BlackElo "2469"]
[PlyCount "50"]
[EventDate "2018.07.24"]
[EventType "tourn"]
[EventRounds "9"]
[EventCountry "NED"]

1. e4 e6 2. Nf3 c5 3. b4 cxb4 4. d4 Nf6 5. Bd3 d5 6. e5 Ne4 7. Bxe4 dxe4 8. Ng5
Qd5 9. O-O h6 10. c4 Qxc4 11. Nxe4 Nc6 12. Be3 Qd5 13. Ng3 b6 14. Qg4 Bb7 15.
Nh5 O-O-O 16. a3 Kb8 17. axb4 Bxb4 18. Nf4 Qe4 19. d5 g5 20. Ra4 gxf4 21. Nc3
Qc4 22. Rc1 Qb3 23. Qxf4 Bxc3 24. dxc6 Qd1+ 25. Rxd1 Rxd1# 0-1

[Event "4NCL International 2018"]
[Site "Telford ENG"]
[Date "2018.11.03"]
[Round "6.2"]
[White "Fernandez, Daniel Howard"]
[Black "Korneev, Oleg"]
[Result "0-1"]
[WhiteElo "2461"]
[BlackElo "2560"]
[EventDate "2018.10.31"]

1. e4 c5 2. Nf3 e6 3. b4 cxb4 4. a3 bxa3 5. d4 d5 6. e5 Nc6 7. c3 Bd7 8. 
Bd3 h6 9. Nfd2 b5 10. Nb3 b4 11. cxb4 a2 12. Nc3 Bxb4 13. Bd2 Nge7 14. O-O
O-O 15. Nb5 Bxd2 16. Qxd2 Rb8 17. Nc5 Nxe5 18. Nxd7 Nxd7 19. Rxa2 Nf6 20. 
Rxa7 Ne4 21. Qf4 Nf5 22. Rfa1 Nfd6 23. Nxd6 Qxd6 24. Qxd6 Nxd6 25. h4 Rb4 
26. R1a4 Rxa4 27. Rxa4 h5 28. Ra6 Rd8 29. f3 g6 30. Kf2 Kg7 31. Ke3 Nf5+ 
32. Bxf5 gxf5 33. g3 Rb8 34. Ra3 Rb1 35. Rc3 Re1+ 36. Kf2 Rd1 37. Ke3 Kf6 
38. f4 Re1+ 39. Kd2 Rg1 40. Ke2 Ke7 41. Ra3 Rg2+ 42. Kf3 Rc2 43. Ra7+ Ke8 
44. Ra8+ Kd7 45. Rh8 Rc3+ 46. Kf2 Rd3 47. Rxh5 Rxd4 48. Rh8 Rd2+ 49. Ke3 
Rg2 50. Rg8 Rh2 51. Kd4 Ke7 52. Kd3 f6 53. Kd4 Rh3 54. Rg7+ Kf8 55. Ra7 
Rxg3 56. h5 Rf3 57. Kc5 Rxf4 58. h6 Kg8 59. Rg7+ Kh8 60. Rf7 d4 61. Rxf6 
Re4 62. Kc4 Kh7 63. Kd3 e5 64. Rxf5 Re3+ 65. Kd2 Kxh6 66. Rf8 Kg5 67. Rf7 
Rh3 68. Ke2 d3+ 0-1

[Event "European Blitz 2018"]
[Site "Skopje MKD"]
[Date "2018.12.06"]
[Round "4.9"]
[White "Maier, C"]
[Black "Van Foreest, Jorden"]
[Result "0-1"]
[WhiteElo "2340"]
[BlackElo "2614"]
[EventDate "2018.12.06"]

1. e4 c5 2. Nf3 e6 3. b4 cxb4 4. d4 d5 5. e5 Nc6 6. a3 Nh6 7. axb4 Bxb4+ 
8. c3 Be7 9. Bd3 Nf5 10. O-O O-O 11. Ra2 f6 12. g4 fxe5 13. dxe5 Nh4 14. 
Nxh4 Bxh4 15. f4 Bd7 16. g5 Qb6+ 17. Kh1 Nxe5 18. fxe5 Rxf1+ 19. Qxf1 Bc6 
20. Qh3 d4+ 21. Kg1 Rf8 22. c4 Be4 23. Bxe4 d3+ 24. Be3 Qxb1+ 0-1

[Event "Chigorin Memorial 2018"]
[Site "St Petersburg RUS"]
[Date "2018.11.02"]
[Round "7.37"]
[White "Naboka, Sergey"]
[Black "Shirshov, Nikolay"]
[Result "1-0"]
[WhiteElo "2345"]
[BlackElo "2040"]
[EventDate "2018.10.27"]

1. e4 c5 2. Nf3 e6 3. b4 b6 4. bxc5 bxc5 5. Nc3 Nc6 6. Bb5 Bb7 7. Rb1 Nf6 
8. O-O Nd4 9. Nxd4 cxd4 10. e5 a6 11. Ba4 Bc6 12. exf6 dxc3 13. Bxc6 dxc6 
14. Qf3 Rc8 15. fxg7 Bxg7 16. dxc3 O-O 17. c4 Qh4 18. Qf4 Qxf4 19. Bxf4 
Rfd8 20. Rfd1 Bd4 21. Kf1 e5 22. Bg5 Re8 23. Ke2 Kg7 24. Rb3 Rc7 25. Be3 
Re6 26. c5 Bxe3 27. Kxe3 Rh6 28. Ke4 Rxh2 29. Kxe5 Re7+ 30. Kd6 Re6+ 31. 
Kc7 Rh5 32. Rg3+ Kf6 33. Rf3+ Kg6 34. Kb6 Rh4 35. Rd6 Rb4+ 36. Kxc6 Rc4 
37. c3 1-0

[Event "TCh-SUI 2019"]
[Site "Switzerland SUI"]
[Date "2019.03.10"]
[Round "1.6"]
[White "Schweitzer,O"]
[Black "Sokolov,And1"]
[Result "0-1"]
[BlackElo "2497"]
[BlackFideId "627089"]
[BlackTeam "Geneve 1"]
[BlackTitle "GM"]
[EventDate "2019.03.10"]
[WhiteElo "2076"]
[WhiteFideId "634123"]
[WhiteTeam "Nyon 1"]

1. e4 c5 2. Nf3 e6 3. b4 cxb4 4. d4 Nc6 5. d5 Qf6 6. c3 Ne5 7. Nd4 exd5
8. f4 Nc6 9. e5 Qd8 10. Nf3 d6 11. Bb5 Be6 12. Qe2 Ne7 13. cxb4 a6
14. Bxc6+ Nxc6 15. a3 dxe5 16. fxe5 Be7 17. O-O O-O 18. Nbd2 d4 19. Bb2 Qb6
20. Kh1 Rfd8 21. Qd3 Qb5 22. Qe4 a5 23. a4 Qd5 24. Qxd5 Bxd5 25. b5 Nb4
26. Nxd4 Nd3 27. Bc3 Bc5 28. N2f3 Bxf3 29. Nxf3 Nf2+ 30. Rxf2 Bxf2
0-1

[Event "GRENKE Chess Open 2019"]
[Site "Karlsruhe GER"]
[Date "2019.04.21"]
[Round "6.74"]
[White "Benkovic,P"]
[Black "Trifan,Andrei Ioan"]
[Result "0-1"]
[WhiteTitle "IM"]
[WhiteElo "2405"]
[BlackElo "2252"]
[WhiteFideId "922641"]
[BlackFideId "12967068"]
[EventDate "2019.04.18"]

1. e4 c5 2. Nf3 e6 3. b4 cxb4 4. d4 d5 5. e5 Ne7 6. a3 Nec6 7. Bd3 Be7 8. h4 Nd7
9. h5 f6 10. exf6 Nxf6 11. h6 g6 12. c3 bxc3 13. Nxc3 O-O 14. Qc2 Qe8 15. Nb5
Bd8 16. Bf4 Ne4 17. Be5 Ba5+ 18. Kf1 Nxe5 19. dxe5 Bd7 20. Nc7 Bxc7 21. Qxc7 Rc8
22. Qa5 Nc5 23. Bc2 Rf4 24. Qd2 Qf8 25. Rb1 Ba4 26. Bxa4 Rxa4 27. Ng5 Qf5 28.
Rc1 Rxa3 29. Rh4 Rd3 30. Qf4 b6 31. Qxf5 exf5 32. Ke2 Rd2+ 33. Ke1 Ra2 34. Rd4
Nd3+ 0-1

[Event "TCh-SUI 2019"]
[Site "Switzerland SUI"]
[Date "2019.05.05"]
[Round "4.5"]
[White "Schweitzer,O"]
[Black "Valles,M"]
[Result "0-1"]
[BlackTitle "IM"]
[WhiteElo "2076"]
[BlackElo "2365"]
[WhiteTeam "Nyon 1"]
[BlackTeam "Echallens 1"]
[WhiteFideId "634123"]
[BlackFideId "649201"]
[EventDate "2019.03.10"]

1. e4 c5 2. Nf3 e6 3. b4 b6 4. bxc5 bxc5 5. Bb5 Nf6 6. Nc3 Bb7 7. d3 Be7 8. O-O
O-O 9. Rb1 d5 10. Qe2 Nc6 11. Ba4 dxe4 12. dxe4 Qc8 13. Re1 Nd4 14. Qe3 Rd8 15.
Ne5 Rb8 16. Ba3 Qc7 17. f4 Qa5 18. Nc4 Qa6 19. Bb3 Nxc2 20. Bxc2 Qxc4 21. Qf3
Rd2 22. Rec1 Qa6 23. Rb3 Bf8 24. Bb2 c4 25. Rb5 Rbd8 26. Rg5 Qb6+ 27. Kh1 Qxb2 0-1

[Event "3rd Innsbruck Open 2019"]
[Site "Innsbruck AUT"]
[Date "2019.08.29"]
[Round "7.6"]
[White "Moroder,S"]
[Black "Ruff,M"]
[Result "1/2-1/2"]
[BlackTitle "FM"]
[WhiteElo "2251"]
[BlackElo "2353"]
[WhiteFideId "826537"]
[BlackFideId "1271670"]
[EventDate "2019.08.25"]

1. e4 c5 2. Nf3 e6 3. b4 cxb4 4. a3 Nf6 5. e5 Nd5 6. axb4 Bxb4 7. c4 Ne7 8. Na3
d6 9. Nc2 Ba5 10. exd6 Nf5 11. c5 Nc6 12. Bb5 Bd7 13. O-O O-O 14. d4 b6 15. Qd3
Nh4 16. Ng5 Nf5 17. f4 Rc8 18. g4 h6 19. gxf5 hxg5 20. f6 Qxf6 21. fxg5 Qd8 22.
Be3 bxc5 23. dxc5 Nb4 24. Nxb4 Bxb4 25. Bxd7 Qxd7 26. Rac1 e5 27. Qe4 1/2-1/2

[Event "Chess24 Banter Blitz Cup"]
[Site "chess24.com INT"]
[Date "2019.11.09"]
[Round "1.5"]
[White "Christiansen,Johan-Sebastian"]
[Black "Bachmann,Ax"]
[Result "1-0"]
[BlackElo "2629"]
[BlackFideId "3700488"]
[BlackTitle "GM"]
[EventDate "2019.09.25"]
[EventType "blitz"]
[WhiteElo "2558"]
[WhiteFideId "1512668"]
[WhiteTitle "GM"]

1. e4 c5 2. Nf3 e6 3. b4 cxb4 4. d4 d5 5. e5 Ne7 6. a3 bxa3 7. Bd3 Nbc6
8. c3 Bd7 9. Nxa3 a6 10. h4 Rc8 11. Ng5 h6 12. Nh7 Rxh7 13. Bxh7 b5 14. Nc2 Na5
15. Rh3 Nec6 16. Bd3 Qb6 17. Kf1 Nb3 18. Rb1 Nxc1 19. Rxc1 Na5 20. Be2 Nc4
21. Rb1 a5 22. Ne1 a4 23. Nd3 a3 24. Kg1 Qa5 25. Nb4 Ra8 26. Qc1 a2 27. Ra1 Bxb4
28. cxb4 Qxb4 29. Kh2 Ra4 30. Bd1 Ra7 31. Bb3 Nd2 32. Bxa2 Qxd4 33. Qe1 Ne4
34. Kg1 Qxe5 35. Re3 Qd4 36. Re2 b4 37. Rd1 Qc3 38. Qf1 b3 39. Re3 Nf6 40. Rxc3
1-0

[Event "6th Floripa Open 2020"]
[Site "Florianopolis BRA"]
[Date "2020.01.25"]
[Round "8.23"]
[White "Araujo,Renan Aparecido"]
[Black "Terao,J"]
[Result "0-1"]
[BlackElo "2232"]
[BlackFideId "2109220"]
[BlackTitle "FM"]
[EventDate "2020.01.20"]
[WhiteElo "1903"]
[WhiteFideId "2135191"]

1. e4 c5 2. Nf3 e6 3. b4 cxb4 4. d4 Nf6 5. Bd3 b6 6. a3 Bb7 7. Qe2 d5 8. e5 Ne4
9. O-O Nc3 10. Nxc3 bxc3 11. Ng5 Nc6 12. Qg4 h5 13. Qf4 Qd7 14. Be3 Qe7
15. h4 g6 16. Rfb1 Bg7 17. Rb3 Rc8 18. Rxc3 Rc7 19. Rb3 Na5 20. Rb4 Qd7
21. Qg3 Nc6 22. Rb3 Ne7 23. Nh3 Qc8 24. Re1 Ba6 25. Nf4 Bxd3 26. cxd3 Bh6
27. Ne2 Nf5 28. Qh3 Bxe3 29. fxe3 Qd8 30. Ng3 Qxh4 31. Qxh4 Nxh4 32. e4 Ke7
33. exd5 exd5 34. Rb2 Rhc8 35. Ne2 g5 36. Ng3 Rc2 37. Re2 Rxb2 38. Rxb2 Rc3
39. a4 Rxd3 40. Nxh5 Rxd4 41. a5 bxa5 42. Re2 a4 43. Ng7 Re4 44. Rb2 Rxe5
45. Rb7+ Kf6 46. Nh5+ Kg6
0-1